| 000 | 00439nmm a2200145Ia 4500 | ||
|---|---|---|---|
| 008 | 251105s9999||||xx |||||||||||||||||und|| | ||
| 041 | _aspa | ||
| 100 | _aSalinas, Pedro | ||
| 245 | 0 | _aLa bomba increíble: Fabulación (1950) | |
| 264 |
_a[Washington, Estados Unidos] : _bDigitalia Publishing, _c2015 |
||
| 300 | _a175 páginas | ||
| 650 | _aSpanish narrative | ||
| 856 | _uhttps://public.digitaliapublishing.com/a/60521 | ||
| 942 | _cCF | ||
| 999 |
_c105769 _d105769 |
||